Softdrinks anhand von Logos erraten - Statistiken

Allgemein
  • Dieses Quiz wurde 1.304 mal gespielt
  • Das Durchschnittsergebnis liegt bei 10 aus 12
Antwortstatistiken
Bildquiz Antwort % Korrekt
Pepsi
100%
Coca-Cola
99%
Fanta
99%
Red Bull
99%
Monster
98%
Sprite
98%
Schweppes
82%
Arizona
76%
Dr Pepper
76%
Mountain Dew
72%
Orangina
67%
Crush
3%
Keine übereinstimmenden Quizze gefunden
Verteilung der Resultate
Anzahl Personen mit jedem Resultat
Perzentil nach korrekt beantworteten Fragen
Ihre Resultats-Entwicklung
Sie haben dieses Quiz noch nicht gespielt